00283nam a22001097a 4500020001800000040000900018082001300027100003000040245004800070260004600118300000900164 a9787520324694 cNUST a951bZHE aHan Zhen and Zhang Weiwen aChina's values /cHan Zhen and Zhang Weiwen aChina Social Sciences press bChinac2018 a378p